000
00329nam a2200121Ia 4500
008
220216s9999 xx 000 0 und d
100
_a
Perks A A
245
0
_a
Material properties and manufacturing tolerences for sponge rubber
260
_b
IRI Transactions
_c
1943
300
_a
120-124
650
_a
Sponge rubber
942
_c
JS
999
_c
62637
_d
62637